000 01512nam a2200361 a 4500
001 ebr10480677
003 CaPaEBR
006 m u
007 cr cn|||||||||
008 990616s2000 njuab sb 001 0 eng d
010 _z 99037485
020 _z0691009589 (alk. paper)
020 _z9780691092980
020 _z9781400823598 (e-book)
040 _aCaPaEBR
_cCaPaEBR
035 _a(OCoLC)52596131
043 _an-us---
050 1 4 _aBX8236
_b.A53 2000eb
082 0 4 _a287/.0973/09033
_221
100 1 _aAndrews, Dee.
245 1 4 _aThe Methodists and revolutionary America, 1760-1800
_h[electronic resource] :
_bthe shaping of an evangelical culture /
_cDee E. Andrews.
260 _aPrinceton, N.J. :
_bPrinceton University Press,
_cc2000.
300 _axv, 367 p. :
_bill., map.
504 _aIncludes bibliographical references (p. [265]-349) and index.
505 0 _apt. 1. Origins -- pt. 2. Social change -- pt. 3. Politics.
533 _aElectronic reproduction.
_bPalo Alto, Calif. :
_cebrary,
_d2013.
_nAvailable via World Wide Web.
_nAccess may be limited to ebrary affiliated libraries.
650 0 _aMethodist Church
_zUnited States
_xHistory
_y18th century.
650 0 _aMethodism
_xHistory
_y18th century.
651 0 _aUnited States
_xChurch history
_y18th century.
655 7 _aElectronic books.
_2local
710 2 _aebrary, Inc.
856 4 0 _uhttp://site.ebrary.com/lib/rucke/Doc?id=10480677
_zAn electronic book accessible through the World Wide Web; click to view
999 _c118607
_d118607